Serbian soccer clubs - Statistics

General Stats
  • This quiz has been taken 36 times
  • The average score is 7 of 16
Answer Stats
Picture Answer % Correct
crvena zvezda
100%
partizan
100%
radnicki
59%
cukaricki
55%
vojvodina
52%
beograd
48%
radnicki nis
48%
spartak
38%
tsc
38%
mladost
34%
imt
31%
novi pazar
31%
napredak
24%
jedinstvo
21%
zeleznicar
21%
tekstilac
17%
No matching quizzes found
Score Distribution
Percent of People with Each Score
Percentile by Number Answered
Your Score History
You have not taken this quiz